000 00392nam a22001337a 4500
020 _a9788131794746
040 _cNUST
082 _a621.3815
_bMAN
100 _aM. Morris Mano
_92910
110 _aMichael D. Ciletti
_9124074
245 _aDigital Design with an Introduction to the Verilog HDL
650 _aDigital Design with an Introduction to the Verilog HDL
_9124395
942 _2ddc
_cBK
999 _c610268
_d610268